000 00404nam a2200157Ia 4500
008 210716s2016 xx 000 0 und d
020 _a9789350973776
041 _aeng
082 _a658.304 VISR
100 _aViswanathan, Rajeesh.
245 _aStrategic human resource management.
250 _a1
260 _aMumbai
_bHimalaya Publishing House
_c2016
300 _a385
650 _aStrategic HRM
999 _c210478
_d210478